दून्दू / (Record no. 113414)

MARC details
000 -LEADER
fixed length control field 00938nam a22002537a 4500
005 - DATE AND TIME OF LATEST TRANSACTION
control field 20170124102953.0
010 ## - LIBRARY OF CONGRESS CONTROL NUMBER
LC control number A-760563
020 ## - INTERNATIONAL STANDARD BOOK NUMBER
Terms of availability 60.00
International Standard Book Number 817124128
035 ## - SYSTEM CONTROL NUMBER
System control number A-760563
037 ## - SOURCE OF ACQUISITION
Source of stock number/acquisition Cen Lib/Ret
040 ## - CATALOGING SOURCE
Original cataloging agency DPL
Language of cataloging HN
082 ## - DEWEY DECIMAL CLASSIFICATION NUMBER
Classification number 821
Item number अरुण
100 ## - MAIN ENTRY--PERSONAL NAME
Personal name अरुण कुमार केशरी
9 (RLIN) 42923
245 ## - TITLE STATEMENT
Title दून्दू /
Statement of responsibility, etc अरुण कुमार केशरी
246 ## - VARYING FORM OF TITLE
Title proper/short title Dvandva /
Remainder of title by Arun Kumar Keshari
260 ## - PUBLICATION, DISTRIBUTION, ETC. (IMPRINT)
Place of publication, distribution, etc वाराणसी
Name of publisher, distributor, etc विश्वविद्यालय प्रकाशन
Date of publication, distribution, etc 1994
270 ## - ADDRESS
Address चौक
City वाराणसी
300 ## - PHYSICAL DESCRIPTION
Extent 96पृ.
Dimensions 21सेमी (सजिल्द)
650 ## - SUBJECT ADDED ENTRY--TOPICAL TERM
Topical term or geographic name as entry element हिंदी साहित्य
9 (RLIN) 52136
650 ## - SUBJECT ADDED ENTRY--TOPICAL TERM
Topical term or geographic name as entry element हिंदी--काव्य
9 (RLIN) 52137
650 ## - SUBJECT ADDED ENTRY--TOPICAL TERM
Topical term or geographic name as entry element Hindi literature
9 (RLIN) 52138
650 ## - SUBJECT ADDED ENTRY--TOPICAL TERM
Topical term or geographic name as entry element Hindi--Poetry
9 (RLIN) 52139
942 ## - ADDED ENTRY ELEMENTS (KOHA)
Source of classification or shelving scheme Dewey Decimal Classification
Koha item type Hindi Books
Classification part 821
Call number suffix अरुण
Holdings
Withdrawn status Lost status Damaged status Not for loan Home library Current library Date acquired Source of acquisition Cost, normal purchase price Total Checkouts Full call number Barcode Date last seen Copy number Cost, replacement price Price effective from Koha item type
        Central Library Central Library 12/08/2015 Cen Lib/Ret 60.00   821 अरुण A-760563 12/08/2015 1 60.00 12/08/2015 Hindi Books

© Delhi Public Library
Hit Counter
free hit counter